| 000 | 00648nam a2200193Ii 4500 | ||
|---|---|---|---|
| 003 | JO-AjNU | ||
| 008 | 230605s9999||||xx |||||||||||||| ||und|| | ||
| 040 |
_aJO-AjNU _bara _erda _cJO-AjNU |
||
| 041 | _aara | ||
| 050 | 1 | 4 | _aTK3101 2008 |
| 100 | 3 |
_aلجنة التخطيط, _eauthor _952204 |
|
| 245 | 0 | 0 | _aالتعريفات الكهربائية في الوطن العربي |
| 264 | 3 | 1 | _aد,م: لجنة التخطيط ،2008 |
| 300 | _a44ص | ||
| 336 |
_atext _btxt _2rdacontent |
||
| 337 |
_aunmediated _bn _2rdamedia |
||
| 338 |
_avolume _bnc _2rdacarrier |
||
| 650 | 4 |
_aالتعريفات الكهربائية-الوطن العربي _952205 |
|
| 999 |
_aA23111 _c26679 _d26679 |
||